01193 2200277 4500001002100000005001500021035002000036007000300056008004100059020001500100020001800115082001000133084001600143100002900159245008900188250002000277300002500297700003000322520041800352600001900770264003600789336002100825337003000846338002300876990001600899INLIS00000000000069920260508124924 a0010-0526000155ta260508 b 0 ind  a9799636663 a9789799636638 a155.4 a155.4 IMA m0 aImam MusbikinePengarang1 aMengapa ya anakku kok suka berbohong...? /cImam Musbikin ; editor, A. Azid Muttaqin acetakan pertama a346 halaman ;c20 cm0 aAzid MuttaqinePenyunting aBuku ini menunjukkan bahwa akan masalah anak berbohong bukan pada anak itu sendiri, melainkan pada diri orangtua. Sadar atau tidak, anda sangat sering mengajari anak berbohong sejak kecil. Buku ini menyajikan penelitian psikologis amat detail, dalam dan menyeluruh tentang bagaimana mengatasi anak berbohong. Dimulai dengan pembentukan kepribadian orangtua sendiri kemudian lingkungan disertai juga tips – tips. 4aPsikologi anak aJogjakarta :bDIVA Press,c2009 2rdacontentateks 2rdamediaatanpa perantara 2rdacarrieravolume aKC001045/19